Paradise lost : The decline of the auto-industrial age

Saved in:
Bibliographic Details
Main Author: Rothschild, Emma
Format: Book
Language:Undetermined
Published: New York Vintage Books 1973
Subjects:
Tags: Add Tag
No Tags, Be the first to tag this record!
Institutions: Trung tâm Học liệu Trường Đại học Cần Thơ
LEADER 00562nam a2200205Ia 4500
001 CTU_83665
008 210402s9999 xx 000 0 und d
082 |a 338.4 
082 |b R847 
100 |a Rothschild, Emma 
245 0 |a Paradise lost : 
245 4 |b The decline of the auto-industrial age 
245 0 |c Emma Rothschild 
260 |a New York 
260 |b Vintage Books 
260 |c 1973 
650 |a Automobile industry and trade 
650 |z United States 
904 |i QHieu(sửa) 
980 |a Trung tâm Học liệu Trường Đại học Cần Thơ